000
00358nam a2200133Ia 4500
008
151001s9999||||xx |||||||||||||| ||und||
100
_a
पु ग सहस्त्रबुद्धे
245
_a
इहवादी शासन
250
_a
1
260
_b
केशरी प्रकाशन
260
_c
1972
300
_a
337
365
_b
8.5
999
_c
955244
_d
955241